<?xml version="1.0" encoding="UTF-8"?>
<record
    xmlns:xsi="http://www.w3.org/2001/XMLSchema-instance"
    xsi:schemaLocation="http://www.loc.gov/MARC21/slim http://www.loc.gov/standards/marcxml/schema/MARC21slim.xsd"
    xmlns="http://www.loc.gov/MARC21/slim">

  <leader>00593nam a2200181   4500</leader>
  <controlfield tag="003">SEACOMMC</controlfield>
  <controlfield tag="005">20250514112532.0</controlfield>
  <controlfield tag="008">250410b        |||||||| |||| 00| 0 eng d</controlfield>
  <datafield tag="020" ind1=" " ind2=" ">
    <subfield code="a">978-0-07-061682-0</subfield>
    <subfield code="c">Rs.250.00</subfield>
  </datafield>
  <datafield tag="040" ind1=" " ind2=" ">
    <subfield code="a">SEACOMMC</subfield>
  </datafield>
  <datafield tag="082" ind1=" " ind2=" ">
    <subfield code="a">004.6</subfield>
    <subfield code="b">I 59</subfield>
  </datafield>
  <datafield tag="100" ind1=" " ind2=" ">
    <subfield code="a">Instructional Software Research and Development(ISRD) group</subfield>
  </datafield>
  <datafield tag="245" ind1="1" ind2=" ">
    <subfield code="a">Data Communication and Computer Networks /</subfield>
    <subfield code="c">Instructional Software Research and Development(ISRD) group</subfield>
  </datafield>
  <datafield tag="250" ind1=" " ind2=" ">
    <subfield code="a">4th Reprint ed.</subfield>
  </datafield>
  <datafield tag="260" ind1=" " ind2=" ">
    <subfield code="a"> New Delhi </subfield>
    <subfield code="b">Tata McGraw  Hill </subfield>
    <subfield code="c"> R2008</subfield>
  </datafield>
  <datafield tag="650" ind1=" " ind2=" ">
    <subfield code="a"> Computer Science</subfield>
  </datafield>
  <datafield tag="942" ind1=" " ind2=" ">
    <subfield code="c">BOOK</subfield>
  </datafield>
  <datafield tag="952" ind1=" " ind2=" ">
    <subfield code="0">0</subfield>
    <subfield code="1">0</subfield>
    <subfield code="2">ddc</subfield>
    <subfield code="4">0</subfield>
    <subfield code="7">0</subfield>
    <subfield code="a">SEACOMMC</subfield>
    <subfield code="b">SEACOMMC</subfield>
    <subfield code="c">REF</subfield>
    <subfield code="d">2010-11-01</subfield>
    <subfield code="l">0</subfield>
    <subfield code="o">004.6 I 59</subfield>
    <subfield code="p">M-2966</subfield>
    <subfield code="r">2025-04-10 15:17:34</subfield>
    <subfield code="w">2025-04-10</subfield>
    <subfield code="y">REF</subfield>
  </datafield>
  <datafield tag="952" ind1=" " ind2=" ">
    <subfield code="0">0</subfield>
    <subfield code="1">0</subfield>
    <subfield code="2">ddc</subfield>
    <subfield code="4">0</subfield>
    <subfield code="7">0</subfield>
    <subfield code="a">SEACOMMC</subfield>
    <subfield code="b">SEACOMMC</subfield>
    <subfield code="d">2010-11-01</subfield>
    <subfield code="l">0</subfield>
    <subfield code="o">004.6 I 59</subfield>
    <subfield code="p">M-2967</subfield>
    <subfield code="r">2025-04-10 15:18:17</subfield>
    <subfield code="t">1</subfield>
    <subfield code="w">2025-04-10</subfield>
    <subfield code="y">BOOK</subfield>
  </datafield>
  <datafield tag="952" ind1=" " ind2=" ">
    <subfield code="0">0</subfield>
    <subfield code="1">0</subfield>
    <subfield code="2">ddc</subfield>
    <subfield code="4">0</subfield>
    <subfield code="7">0</subfield>
    <subfield code="a">SEACOMMC</subfield>
    <subfield code="b">SEACOMMC</subfield>
    <subfield code="d">2010-11-01</subfield>
    <subfield code="l">0</subfield>
    <subfield code="o">004.6 I 59</subfield>
    <subfield code="p">M-2968</subfield>
    <subfield code="r">2025-04-10 15:18:17</subfield>
    <subfield code="t">2</subfield>
    <subfield code="w">2025-04-10</subfield>
    <subfield code="y">BOOK</subfield>
  </datafield>
  <datafield tag="952" ind1=" " ind2=" ">
    <subfield code="0">0</subfield>
    <subfield code="1">0</subfield>
    <subfield code="2">ddc</subfield>
    <subfield code="4">0</subfield>
    <subfield code="7">0</subfield>
    <subfield code="a">SEACOMMC</subfield>
    <subfield code="b">SEACOMMC</subfield>
    <subfield code="d">2010-11-01</subfield>
    <subfield code="l">0</subfield>
    <subfield code="o">004.6 I 59</subfield>
    <subfield code="p">M-2969</subfield>
    <subfield code="r">2025-04-10 15:18:17</subfield>
    <subfield code="t">3</subfield>
    <subfield code="w">2025-04-10</subfield>
    <subfield code="y">BOOK</subfield>
  </datafield>
  <datafield tag="952" ind1=" " ind2=" ">
    <subfield code="0">0</subfield>
    <subfield code="1">0</subfield>
    <subfield code="2">ddc</subfield>
    <subfield code="4">0</subfield>
    <subfield code="7">0</subfield>
    <subfield code="a">SEACOMMC</subfield>
    <subfield code="b">SEACOMMC</subfield>
    <subfield code="d">2010-11-01</subfield>
    <subfield code="l">0</subfield>
    <subfield code="o">004.6 I 59</subfield>
    <subfield code="p">M-2970</subfield>
    <subfield code="r">2025-04-10 15:18:17</subfield>
    <subfield code="t">4</subfield>
    <subfield code="w">2025-04-10</subfield>
    <subfield code="y">BOOK</subfield>
  </datafield>
  <datafield tag="952" ind1=" " ind2=" ">
    <subfield code="0">0</subfield>
    <subfield code="1">0</subfield>
    <subfield code="2">ddc</subfield>
    <subfield code="4">0</subfield>
    <subfield code="7">0</subfield>
    <subfield code="a">SEACOMMC</subfield>
    <subfield code="b">SEACOMMC</subfield>
    <subfield code="d">2010-11-01</subfield>
    <subfield code="l">0</subfield>
    <subfield code="o">004.6 I 59</subfield>
    <subfield code="p">M-2971</subfield>
    <subfield code="r">2025-04-10 15:18:17</subfield>
    <subfield code="t">5</subfield>
    <subfield code="w">2025-04-10</subfield>
    <subfield code="y">BOOK</subfield>
  </datafield>
  <datafield tag="952" ind1=" " ind2=" ">
    <subfield code="0">0</subfield>
    <subfield code="1">0</subfield>
    <subfield code="2">ddc</subfield>
    <subfield code="4">0</subfield>
    <subfield code="7">0</subfield>
    <subfield code="a">SEACOMMC</subfield>
    <subfield code="b">SEACOMMC</subfield>
    <subfield code="d">2010-11-01</subfield>
    <subfield code="l">0</subfield>
    <subfield code="o">004.6 I 59</subfield>
    <subfield code="p">M-2972</subfield>
    <subfield code="r">2025-04-10 15:18:17</subfield>
    <subfield code="t">6</subfield>
    <subfield code="w">2025-04-10</subfield>
    <subfield code="y">BOOK</subfield>
  </datafield>
  <datafield tag="952" ind1=" " ind2=" ">
    <subfield code="0">0</subfield>
    <subfield code="1">0</subfield>
    <subfield code="2">ddc</subfield>
    <subfield code="4">0</subfield>
    <subfield code="7">0</subfield>
    <subfield code="a">SEACOMMC</subfield>
    <subfield code="b">SEACOMMC</subfield>
    <subfield code="d">2010-11-01</subfield>
    <subfield code="l">0</subfield>
    <subfield code="o">004.6 I 59</subfield>
    <subfield code="p">M-2973</subfield>
    <subfield code="r">2025-04-10 15:18:17</subfield>
    <subfield code="t">7</subfield>
    <subfield code="w">2025-04-10</subfield>
    <subfield code="y">BOOK</subfield>
  </datafield>
  <datafield tag="952" ind1=" " ind2=" ">
    <subfield code="0">0</subfield>
    <subfield code="1">0</subfield>
    <subfield code="2">ddc</subfield>
    <subfield code="4">0</subfield>
    <subfield code="7">0</subfield>
    <subfield code="a">SEACOMMC</subfield>
    <subfield code="b">SEACOMMC</subfield>
    <subfield code="d">2010-11-01</subfield>
    <subfield code="l">0</subfield>
    <subfield code="o">004.6 I 59</subfield>
    <subfield code="p">M-2974</subfield>
    <subfield code="r">2025-04-10 15:18:17</subfield>
    <subfield code="t">8</subfield>
    <subfield code="w">2025-04-10</subfield>
    <subfield code="y">BOOK</subfield>
  </datafield>
  <datafield tag="952" ind1=" " ind2=" ">
    <subfield code="0">0</subfield>
    <subfield code="1">0</subfield>
    <subfield code="2">ddc</subfield>
    <subfield code="4">0</subfield>
    <subfield code="7">0</subfield>
    <subfield code="a">SEACOMMC</subfield>
    <subfield code="b">SEACOMMC</subfield>
    <subfield code="d">2010-11-01</subfield>
    <subfield code="l">0</subfield>
    <subfield code="o">004.6 I 59</subfield>
    <subfield code="p">M-2975</subfield>
    <subfield code="r">2025-04-10 15:18:17</subfield>
    <subfield code="t">9</subfield>
    <subfield code="w">2025-04-10</subfield>
    <subfield code="y">BOOK</subfield>
  </datafield>
  <datafield tag="999" ind1=" " ind2=" ">
    <subfield code="c">1193</subfield>
    <subfield code="d">1193</subfield>
  </datafield>
</record>
